[Event "4NCL Division Three Knights"]
[Site "Telford, ENG"]
[Date "2024.03.16"]
[Round "7.66"]
[White "Macleod, Andrew"]
[Black "Alcock, Graham P"]
[Result "1/2-1/2"]
[WhiteElo "1722"]
[BlackElo "1774"]
[PlyCount "62"]
[EventDate "2024.03.16"]
[WhiteTeam "Celtic Tigers 2"]
[BlackTeam "Surbiton"]

1. d4 Nf6 2. c4 c5 3. d5 b5 4. Nf3 bxc4 5. Nc3 g6 6. e4 d6 7. Bxc4 Nbd7 8. O-O
Bg7 9. Qe2 Ng4 10. Bb5 O-O 11. h3 Nge5 12. Nxe5 Bxe5 13. f4 Bg7 14. Be3 Rb8 15.
Rab1 Qa5 16. Rfc1 a6 17. Bd3 Nb6 18. Bd2 Na4 19. Nxa4 Qxa4 20. Bc3 Bd4+ 21. Kh2
Bxc3 22. bxc3 Rxb1 23. Rxb1 f5 24. c4 fxe4 25. Qxe4 Rf7 26. Rb8 Qd7 27. g4 Qc7
28. Rb1 Bd7 29. Rg1 Qa5 30. Rg2 Kf8 31. Rf2 Qc3 1/2-1/2

[Event "4NCL Division Three Knights"]
[Site "Telford, ENG"]
[Date "2024.03.17"]
[Round "8.11"]
[White "Patel, Zain"]
[Black "Smith, Olivia"]
[Result "0-1"]
[WhiteElo "2069"]
[BlackElo "2054"]
[PlyCount "110"]
[EventDate "2024.03.17"]
[WhiteTeam "CSC/Kingston 2"]
[BlackTeam "Rhyfelwyr Essyllwg"]

1. Nf3 d5 2. d4 Nf6 3. e3 e6 4. Bd3 c5 5. b3 Nc6 6. O-O Be7 7. Bb2 O-O 8. Nbd2
a6 9. a3 b6 10. Qe2 Bb7 11. Rad1 Nd7 12. Ne5 cxd4 13. exd4 Ncxe5 14. dxe5 Nc5
15. c4 Nxd3 16. Qxd3 Qc8 17. cxd5 Bxd5 18. Ne4 Bxe4 19. Qxe4 Rd8 20. Rxd8+ Qxd8
21. Qb7 a5 22. g3 Rc8 23. Bc1 Bc5 24. Bg5 Rb8 25. Qa7 Ra8 26. Qb7 Rb8 27. Qa7
Ra8 28. Qb7 Qb8 29. Qc6 h6 30. b4 axb4 31. axb4 Bd4 32. Be7 Bxe5 33. Rd1 Ra1
34. Rxa1 Bxa1 35. Bd6 Qa7 36. Qe8+ Kh7 37. Be7 Bf6 38. Bxf6 gxf6 39. b5 Kg7 40.
Qc6 Qa1+ 41. Kg2 Qd4 42. h4 f5 43. Qe8 Qd5+ 44. Kg1 e5 45. Qc6 Qd4 46. Qc7 e4
47. Qc1 Qe5 48. Qc6 e3 49. fxe3 Qxg3+ 50. Qg2 Qxg2+ 51. Kxg2 Kf6 52. Kg3 Ke5
53. Kf3 h5 54. Kg3 Ke4 55. Kf2 f4 0-1

[Event "4NCL Division Three Knights"]
[Site "Telford, ENG"]
[Date "2024.03.17"]
[Round "8.12"]
[White "Young, Alan"]
[Black "Farrand, Tom"]
[Result "0-1"]
[WhiteElo "2028"]
[BlackElo "2145"]
[PlyCount "94"]
[EventDate "2024.03.17"]
[WhiteTeam "Rhyfelwyr Essyllwg"]
[BlackTeam "CSC/Kingston 2"]

1. e4 c5 2. Nf3 e6 3. c3 Nf6 4. e5 Nd5 5. d4 cxd4 6. cxd4 d6 7. Bc4 Nc6 8. Qe2
Be7 9. O-O O-O 10. a3 Bd7 11. Rd1 Rc8 12. Nbd2 Na5 13. Ba2 Ba4 14. Re1 Nf4 15.
Qe4 Ng6 16. Bb1 d5 17. Qg4 Bc2 18. g3 Qc7 19. h4 Bd8 20. b4 Bxb1 21. Rxb1 Nc4
22. Nf1 Qd7 23. N1h2 Ne7 24. h5 Nf5 25. Qh3 Bb6 26. Rd1 Qa4 27. Bg5 Nxa3 28.
Ra1 h6 29. g4 Qb3 30. gxf5 Nc2 31. Rab1 Qc3 32. f6 hxg5 33. h6 gxf6 34. exf6
Nxd4 35. h7+ Kh8 36. Qh6 Nf5 37. Qh5 Qxf6 38. Ng4 Qg6 39. Qh3 f6 40. Qf1 Kxh7
41. Rb3 Kg7 42. Re1 Rfe8 43. Qb5 Qf7 44. Kg2 Rc4 45. Ngh2 g4 46. Nd2 Rf4 47.
Rf1 Nd4 0-1

[Event "4NCL Division Three Knights"]
[Site "Telford, ENG"]
[Date "2024.03.17"]
[Round "8.13"]
[White "Frostick, Clive A"]
[Black "Heaven, Pete"]
[Result "1/2-1/2"]
[WhiteElo "2115"]
[BlackElo "1971"]
[PlyCount "94"]
[EventDate "2024.03.17"]
[WhiteTeam "CSC/Kingston 2"]
[BlackTeam "Rhyfelwyr Essyllwg"]

1. e4 c5 2. Nf3 d6 3. Bb5+ Nd7 4. c3 Ngf6 5. Qe2 a6 6. Ba4 b5 7. Bc2 e6 8. d4
Bb7 9. O-O Be7 10. Re1 Qc7 11. Bd3 O-O 12. b3 Rfc8 13. Nbd2 Bf8 14. Bb2 e5 15.
a4 exd4 16. cxd4 b4 17. d5 Re8 18. Qd1 a5 19. Qc2 g6 20. Rad1 Bg7 21. Bb5 Ba6
22. Bxa6 Rxa6 23. Nc4 Ng4 24. h3 Nge5 25. Nfxe5 Nxe5 26. Bxe5 Bxe5 27. Nxe5
Rxe5 28. Qc4 Rb6 29. f4 Re8 30. e5 dxe5 31. fxe5 Rxe5 32. Rxe5 Qxe5 33. Qxc5
Rd6 34. Kh1 Qe2 35. Qxd6 Qxd1+ 36. Kh2 Qxb3 37. Qb8+ Kg7 38. Qe5+ Kh6 39. Qf4+
Kg7 40. Qe5+ Kh6 41. Qf4+ Kg7 42. Qd4+ f6 43. d6 Qc3 44. Qa7+ Kh6 45. d7 Qe5+
46. Kh1 Qe1+ 47. Kh2 Qe5+ 1/2-1/2

[Event "4NCL Division Three Knights"]
[Site "Telford, ENG"]
[Date "2024.03.17"]
[Round "8.14"]
[White "Hewitt, William"]
[Black "Hasson, Peter"]
[Result "1/2-1/2"]
[WhiteElo "1977"]
[BlackElo "2087"]
[PlyCount "71"]
[EventDate "2024.03.17"]
[WhiteTeam "Rhyfelwyr Essyllwg"]
[BlackTeam "CSC/Kingston 2"]

1. e4 d6 2. d4 Nf6 3. Nc3 g6 4. f4 Bg7 5. Nf3 c5 6. Bb5+ Bd7 7. e5 Ng4 8. e6
fxe6 9. Ng5 Bxb5 10. Nxe6 Bxd4 11. Nxb5 Qa5+ 12. Qd2 Qxd2+ 13. Bxd2 Na6 14.
Nec7+ Nxc7 15. Nxc7+ Kd7 16. Nxa8 Rxa8 17. c3 Bg7 18. O-O e6 19. Rae1 d5 20. h3
Nf6 21. Be3 b6 22. g4 Ne4 23. Kg2 Rf8 24. Bc1 b5 25. Rf3 a5 26. a3 c4 27. Ref1
Rg8 28. Kh2 Nd6 29. h4 Bf6 30. g5 Bg7 31. h5 Rb8 32. hxg6 hxg6 33. Rh3 Nf5 34.
Kg2 Ke7 35. Re1 Kf7 36. Kf3 1/2-1/2

[Event "4NCL Division Three Knights"]
[Site "Telford, ENG"]
[Date "2024.03.17"]
[Round "8.15"]
[White "Cresswell, Mike J"]
[Black "Van Kemenade, Rudy"]
[Result "1/2-1/2"]
[WhiteElo "1642"]
[BlackElo "1944"]
[PlyCount "79"]
[EventDate "2024.03.17"]
[WhiteTeam "CSC/Kingston 2"]
[BlackTeam "Rhyfelwyr Essyllwg"]

1. e4 e5 2. Nf3 Nf6 3. Nc3 Bb4 4. d3 d6 5. Bd2 c6 6. Be2 Nbd7 7. O-O Nf8 8. h3
h6 9. Nh2 g5 10. Ng4 Ng6 11. Nxf6+ Qxf6 12. Bg4 Nf4 13. Bxc8 Rxc8 14. Ne2 Bc5
15. Be3 h5 16. Bxc5 dxc5 17. Ng3 Rd8 18. Qe1 g4 19. hxg4 hxg4 20. Nf5 Kd7 21.
g3 Nh3+ 22. Kg2 Rh5 23. Qe2 Rg8 24. Rh1 Kc7 25. Ne3 Qg6 26. Nxg4 Nf4+ 27. gxf4
Qxg4+ 28. Qxg4 Rxg4+ 29. Kf3 Rxf4+ 30. Ke3 Rfh4 31. Rxh4 Rxh4 32. Rg1 Kd6 33.
c3 Ke6 34. a3 Rh3+ 35. Ke2 b5 36. b3 a5 37. Kd2 a4 38. bxa4 c4 39. dxc4 bxa4
40. Rb1 1/2-1/2

[Event "4NCL Division Three Knights"]
[Site "Telford, ENG"]
[Date "2024.03.17"]
[Round "8.16"]
[White "Trevelyan, John"]
[Black "Evans, Harry G"]
[Result "1-0"]
[WhiteElo "1850"]
[BlackElo "1958"]
[PlyCount "51"]
[EventDate "2024.03.17"]
[WhiteTeam "Rhyfelwyr Essyllwg"]
[BlackTeam "CSC/Kingston 2"]

1. d4 Nf6 2. c4 e5 3. dxe5 Ng4 4. Nf3 Nc6 5. Bf4 Bb4+ 6. Nbd2 Qe7 7. a3 Ngxe5
8. Nxe5 Nxe5 9. e3 Bxd2+ 10. Qxd2 d6 11. Be2 O-O 12. O-O b6 13. Qc3 Bb7 14.
Rfd1 Ng6 15. Bg3 f5 16. Bf1 Rae8 17. b4 f4 18. exf4 Nxf4 19. Re1 Qf7 20. c5
Rxe1 21. Rxe1 dxc5 22. bxc5 Nh5 23. c6 Bxc6 24. Qxc6 Qf5 25. Qxc7 Nxg3 26. Qxg3
1-0

[Event "4NCL Division Three Knights"]
[Site "Telford, ENG"]
[Date "2024.03.17"]
[Round "8.21"]
[White "Pedersen, Carsten"]
[Black "Varley, Joe"]
[Result "0-1"]
[WhiteElo "2052"]
[BlackElo "2059"]
[PlyCount "64"]
[EventDate "2024.03.17"]
[WhiteTeam "Celtic Tigers 2"]
[BlackTeam "Hull & East Riding Tigers"]

1. e4 c5 2. Nc3 e6 3. Nge2 Nc6 4. g3 d5 5. exd5 exd5 6. Bg2 Nf6 7. d3 Be7 8.
O-O d4 9. Ne4 O-O 10. Nf4 Bf5 11. Nxf6+ Bxf6 12. Nd5 Be5 13. h3 Bxh3 14. Bxh3
Qxd5 15. a3 Rad8 16. Bg5 f6 17. Bd2 f5 18. Re1 Kh8 19. Bg2 Qd6 20. f4 Bf6 21.
Kf2 Rde8 22. Rh1 g6 23. Qf3 Re3 24. Qd5 Qe7 25. Rhe1 Re8 26. Bf3 Rd8 27. Qc4 g5
28. Bxc6 gxf4 29. Bf3 Bh4 30. Bxe3 Bxg3+ 31. Kf1 fxe3 32. Re2 Bf2 0-1

[Event "4NCL Division Three Knights"]
[Site "Telford, ENG"]
[Date "2024.03.17"]
[Round "8.22"]
[White "Hodge, Steve R"]
[Black "Lea, Daniel J"]
[Result "1-0"]
[WhiteElo "2042"]
[BlackElo "1976"]
[PlyCount "51"]
[EventDate "2024.03.17"]
[WhiteTeam "Hull & East Riding Tigers"]
[BlackTeam "Celtic Tigers 2"]

1. e4 e6 2. d3 d5 3. Qe2 Nf6 4. Nf3 c5 5. g3 Nc6 6. Bg2 Be7 7. O-O O-O 8. e5
Nd7 9. c4 dxc4 10. dxc4 Qc7 11. Re1 Rd8 12. Bf4 Nf8 13. h4 Bd7 14. h5 Nd4 15.
Nxd4 cxd4 16. Nd2 Bc6 17. Rac1 Bb4 18. Red1 Bxd2 19. Rxd2 Bxg2 20. Kxg2 Rac8
21. Qg4 Kh8 22. Bg5 Rd7 23. h6 Qxe5 24. Re2 Qf5 25. hxg7+ Kxg7 26. Bh6+ 1-0

[Event "4NCL Division Three Knights"]
[Site "Telford, ENG"]
[Date "2024.03.17"]
[Round "8.23"]
[White "Kahane, Erasmus"]
[Black "Vleeshhouwer, Douglas"]
[Result "1/2-1/2"]
[WhiteElo "1746"]
[BlackElo "1973"]
[PlyCount "104"]
[EventDate "2024.03.17"]
[WhiteTeam "Celtic Tigers 2"]
[BlackTeam "Hull & East Riding Tigers"]

1. e4 d6 2. d4 Nf6 3. Nc3 Nbd7 4. f4 e5 5. Nf3 exd4 6. Nxd4 g6 7. Be2 Bg7 8.
Be3 O-O 9. Qd2 Re8 10. Bf3 Nc5 11. O-O-O Ncxe4 12. Qd3 Nxc3 13. bxc3 Ng4 14.
Bg1 c6 15. h3 Nh6 16. Nxc6 bxc6 17. Bxc6 Qa5 18. Bd4 Qa3+ 19. Kd2 Ba6 20. c4
Qb4+ 21. Qc3 Qxc3+ 22. Bxc3 Bxc4 23. Bxe8 Rxe8 24. Rhe1 Rc8 25. Bxg7 Kxg7 26.
Kc1 Rc6 27. a3 Ng8 28. g4 Nf6 29. g5 Nd5 30. Rd4 Nc3 31. Kb2 Nb5 32. Rd2 Be6
33. Re3 Rb6 34. a4 Nc7+ 35. Ka3 a5 36. Red3 Ne8 37. h4 Kf8 38. Rd4 Ke7 39. c4
Rb4 40. Rb2 Rxb2 41. Kxb2 Kd7 42. Kc3 Kc6 43. Rd1 Kc7 44. Rb1 Bd7 45. Re1 Kd8
46. Kb3 Ng7 47. Rd1 Ne6 48. Rxd6 Nc5+ 49. Ka3 Kc7 50. Rd5 Kb6 51. Rd6+ Kc7 52.
Rd5 Kb6 1/2-1/2

[Event "4NCL Division Three Knights"]
[Site "Telford, ENG"]
[Date "2024.03.17"]
[Round "8.24"]
[White "Gardiner, Eric D"]
[Black "Yedid, Lior"]
[Result "1/2-1/2"]
[WhiteElo "1945"]
[BlackElo "1802"]
[PlyCount "73"]
[EventDate "2024.03.17"]
[WhiteTeam "Hull & East Riding Tigers"]
[BlackTeam "Celtic Tigers 2"]

1. d4 Nf6 2. Bg5 e6 3. e4 h6 4. Bxf6 Qxf6 5. c3 Qd8 6. f4 d5 7. e5 c5 8. Nf3
Nc6 9. Be2 Qb6 10. Qd2 Be7 11. O-O O-O 12. Kh1 Bd7 13. a3 c4 14. Qc2 Na5 15.
Nbd2 Nb3 16. Nxb3 cxb3 17. Qd1 Ba4 18. Nd2 Rac8 19. Bd3 Rfe8 20. Qg4 Bb5 21.
Bxb5 Qxb5 22. f5 exf5 23. Qxf5 f6 24. exf6 Bxf6 25. Ne4 Rc6 26. a4 Qc4 27. Nd2
Qe2 28. Qxd5+ Kh8 29. Nxb3 Qxb2 30. Rae1 Rd8 31. Qf7 Qxc3 32. Re8+ Rxe8 33.
Qxe8+ Kh7 34. Qe4+ Kh8 35. Qe8+ Kh7 36. Qe4+ Kh8 37. Qe8+ 1/2-1/2

[Event "4NCL Division Three Knights"]
[Site "Telford, ENG"]
[Date "2024.03.17"]
[Round "8.25"]
[White "Macleod, Andrew"]
[Black "Stephenson, David W"]
[Result "0-1"]
[WhiteElo "1722"]
[BlackElo "1835"]
[PlyCount "64"]
[EventDate "2024.03.17"]
[WhiteTeam "Celtic Tigers 2"]
[BlackTeam "Hull & East Riding Tigers"]

1. d4 e6 2. c4 d5 3. Nc3 c5 4. Nf3 Nf6 5. Bg5 cxd4 6. Bxf6 Qxf6 7. Nxd4 Bc5 8.
e3 Nc6 9. Ndb5 O-O 10. cxd5 exd5 11. Nc7 d4 12. N3d5 Qh4 13. Qf3 Bb4+ 14. Nxb4
Nxb4 15. Rc1 Bg4 16. Qg3 Qxg3 17. hxg3 Rac8 18. Rc4 Nc6 19. Nb5 Be6 20. Rc1
dxe3 21. fxe3 Bxa2 22. Bd3 g6 23. Ke2 Kg7 24. Be4 a6 25. Nd6 Rc7 26. Rc3 Rd8
27. Nc4 Nb4 28. Rhc1 b5 29. Nb6 Re7 30. Bf3 Re6 31. Bc6 Rdd6 32. Bd7 Rf6 0-1

[Event "4NCL Division Three Knights"]
[Site "Telford, ENG"]
[Date "2024.03.17"]
[Round "8.31"]
[White "Robson, Ian A"]
[Black "Cooksey, Paul S"]
[Result "1/2-1/2"]
[WhiteElo "2075"]
[BlackElo "2249"]
[PlyCount "30"]
[EventDate "2024.03.17"]
[WhiteTeam "Wotton Hall"]
[BlackTeam "Crowthorne A"]

1. e4 c6 2. Nf3 d5 3. exd5 cxd5 4. Ne5 Nc6 5. d4 a6 6. c3 Nxe5 7. dxe5 Bf5 8.
Be3 Qd7 9. Nd2 e6 10. Nb3 Rc8 11. Nd4 Be4 12. f3 Bg6 13. Bd3 Bc5 14. O-O Ne7
15. Qe2 O-O 1/2-1/2

[Event "4NCL Division Three Knights"]
[Site "Telford, ENG"]
[Date "2024.03.17"]
[Round "8.32"]
[White "Thompson, Ian D"]
[Black "Ashworth, Michael"]
[Result "1-0"]
[WhiteElo "2145"]
[BlackElo "2001"]
[PlyCount "99"]
[EventDate "2024.03.17"]
[WhiteTeam "Crowthorne A"]
[BlackTeam "Wotton Hall"]

1. c4 g6 2. Nc3 Bg7 3. g3 e5 4. Bg2 d6 5. e4 c6 6. Nge2 Be6 7. b3 f5 8. O-O Nf6
9. exf5 gxf5 10. d4 O-O 11. Ba3 e4 12. d5 cxd5 13. Nd4 Qd7 14. Nxe6 Qxe6 15.
cxd5 Qd7 16. Qd2 Na6 17. Rac1 Rac8 18. f3 exf3 19. Bxf3 Nc5 20. Bb2 Nce4 21.
Nxe4 Nxe4 22. Bxe4 fxe4 23. Rxc8 Rxc8 24. Qg5 Kh8 25. Bxg7+ Qxg7 26. Qf6 Re8
27. Rf4 e3 28. Kf1 e2+ 29. Ke1 Kg8 30. Qxg7+ Kxg7 31. Rf2 Re5 32. Rxe2 Rxd5 33.
Re7+ Kg6 34. Rxb7 a5 35. a4 h5 36. Ke2 Kf6 37. Rb5 Ke6 38. Rxd5 Kxd5 39. Kd3
Kc5 40. h3 Kd5 41. g4 hxg4 42. hxg4 Ke5 43. g5 Kf5 44. Kd4 Kxg5 45. Kd5 Kf4 46.
Kxd6 Ke4 47. Kc5 Kd3 48. Kb5 Kc3 49. Kxa5 Kxb3 50. Kb5 1-0

[Event "4NCL Division Three Knights"]
[Site "Telford, ENG"]
[Date "2024.03.17"]
[Round "8.33"]
[White "Ashworth, Robert"]
[Black "Webb, Richard M"]
[Result "1/2-1/2"]
[WhiteElo "1881"]
[BlackElo "2149"]
[PlyCount "30"]
[EventDate "2024.03.17"]
[WhiteTeam "Wotton Hall"]
[BlackTeam "Crowthorne A"]

1. e4 c5 2. Nf3 d6 3. Bb5+ Bd7 4. Bxd7+ Qxd7 5. c4 Nc6 6. d4 cxd4 7. Nxd4 Nf6
8. Nc3 g6 9. f3 Bg7 10. Be3 O-O 11. O-O a6 12. Qd2 Nxd4 13. Bxd4 b5 14. Nd5
Nxd5 15. cxd5 Rfc8 1/2-1/2

[Event "4NCL Division Three Knights"]
[Site "Telford, ENG"]
[Date "2024.03.17"]
[Round "8.34"]
[White "Purdon, Colin"]
[Black "Moldovan, Alexandru-Mitic"]
[Result "1-0"]
[WhiteElo "1952"]
[BlackElo "1885"]
[PlyCount "93"]
[EventDate "2024.03.17"]
[WhiteTeam "Crowthorne A"]
[BlackTeam "Wotton Hall"]

1. d4 Nf6 2. c4 e5 3. dxe5 Ng4 4. Nf3 d6 5. Bf4 Nc6 6. exd6 Qf6 7. Qd2 Be6 8.
Nc3 Bxd6 9. Bxd6 cxd6 10. e3 O-O 11. Be2 Nce5 12. Nd5 Qh6 13. Nxe5 dxe5 14.
Bxg4 Bxg4 15. O-O Rad8 16. f3 Be6 17. Rfd1 f5 18. Qc3 Bxd5 19. Rxd5 Rxd5 20.
cxd5 e4 21. Rf1 exf3 22. Rxf3 Qd6 23. Qd4 b6 24. Rf1 g6 25. Rd1 Re8 26. Rc1 Re5
27. Rc8+ Kf7 28. Rd8 Qe7 29. d6 Qxd8 30. Qxe5 Qf6 31. Qd5+ Qe6 32. Qd4 Ke8 33.
d7+ Qxd7 34. Qh8+ Ke7 35. Qxh7+ Ke6 36. Qxd7+ Kxd7 37. Kf2 Kd6 38. h4 Ke5 39.
Kf3 a6 40. g4 b5 41. gxf5 Kxf5 42. e4+ Ke5 43. b4 Kf6 44. Kf4 Ke6 45. Kg5 Kf7
46. e5 Kg7 47. e6 1-0

[Event "4NCL Division Three Knights"]
[Site "Telford, ENG"]
[Date "2024.03.17"]
[Round "8.35"]
[White "Maclannan, Richard"]
[Black "Tart, Peter K"]
[Result "0-1"]
[WhiteElo "1764"]
[BlackElo "1940"]
[PlyCount "132"]
[EventDate "2024.03.17"]
[WhiteTeam "Wotton Hall"]
[BlackTeam "Crowthorne A"]

1. e4 e5 2. Nf3 d5 3. exd5 Bd6 4. Bb5+ Bd7 5. Bxd7+ Nxd7 6. d3 h6 7. Nfd2 Ne7
8. Ne4 Nxd5 9. Nxd6+ cxd6 10. Nc3 N5f6 11. Qf3 Qb6 12. O-O O-O 13. Qg3 d5 14.
Qf3 Qc6 15. g4 d4 16. Qxc6 bxc6 17. g5 hxg5 18. Ne2 g4 19. Ng3 g6 20. b3 Rfe8
21. Re1 Nd5 22. Ne4 f5 23. Nd6 Re6 24. Ba3 Nc3 25. Bb4 Nd5 26. Ba3 a5 27. Nc4
Kg7 28. Bb2 a4 29. Bxd4 Kf6 30. Bb2 Nb4 31. Re2 axb3 32. axb3 Rxa1+ 33. Bxa1 c5
34. Bb2 f4 35. c3 Nxd3 36. Ba1 Ra6 37. Bb2 f3 38. Rd2 Nxb2 39. Nxb2 Ra1+ 40.
Rd1 Rxd1+ 41. Nxd1 Kf5 42. Ne3+ Ke4 43. b4 Kd3 44. bxc5 Nxc5 45. Nxg4 Nd7 46.
h4 Kxc3 47. Ne3 Nf6 48. Kf1 Kd4 49. Ke1 Nd5 50. Ng4 Nf4 51. Kf1 Ng2 52. Kg1
Nxh4 53. Kh2 Nf5 54. Kh3 e4 55. Kh2 e3 56. fxe3+ Nxe3 57. Nf2 Nf5 58. Ng4 Ke4
59. Kg1 Kf4 60. Nh2 g5 61. Nxf3 Kxf3 62. Kh2 Kf2 63. Kh3 Ne3 64. Kh2 g4 65. Kh1
Nf5 66. Kh2 g3+ 0-1

[Event "4NCL Division Three Knights"]
[Site "Telford, ENG"]
[Date "2024.03.17"]
[Round "8.36"]
[White "Shek, Daniel"]
[Black "Norris, Zack"]
[Result "1/2-1/2"]
[WhiteElo "1970"]
[BlackElo "1664"]
[PlyCount "70"]
[EventDate "2024.03.17"]
[WhiteTeam "Crowthorne A"]
[BlackTeam "Wotton Hall"]

1. c4 e5 2. Nc3 Nf6 3. e4 Nc6 4. g3 Bc5 5. Bg2 O-O 6. Nge2 d6 7. O-O Nd4 8.
Nxd4 Bxd4 9. Qc2 Be6 10. d3 Qd7 11. Ne2 Bb6 12. b4 Bh3 13. a4 a5 14. c5 Bxg2
15. Kxg2 Qc6 16. b5 Qxc5 17. Qb3 Ba7 18. Be3 Qb4 19. Qxb4 axb4 20. Bxa7 Rxa7
21. Rfc1 b6 22. Rcb1 Nd7 23. Rxb4 Nc5 24. d4 exd4 25. Nxd4 Rfa8 26. Nc6 Rxa4
27. Rbxa4 Rxa4 28. Rxa4 Nxa4 29. Ne7+ Kf8 30. Nd5 Nc5 31. Nxc7 Nxe4 32. Nd5 Ke8
33. f3 Nc5 34. Nxb6 Ke7 35. Kf2 Ke6 1/2-1/2

[Event "4NCL Division Three Knights"]
[Site "Telford, ENG"]
[Date "2024.03.17"]
[Round "8.41"]
[White "Wilson, Jaimie"]
[Black "Dunn, Maxim"]
[Result "1/2-1/2"]
[WhiteElo "2105"]
[BlackElo "2063"]
[PlyCount "85"]
[EventDate "2024.03.17"]
[WhiteTeam "Wessex A"]
[BlackTeam "Iceni 1"]

1. Nf3 Nf6 2. c4 c6 3. e3 d5 4. Nc3 e6 5. d4 Nbd7 6. Bd3 dxc4 7. Bxc4 b5 8. Bd3
a6 9. O-O c5 10. Qe2 Bb7 11. e4 cxd4 12. Nxd4 Nc5 13. Rd1 Nxd3 14. Rxd3 Qb6 15.
e5 Nd5 16. Ne4 Nb4 17. Rd1 Rd8 18. Bg5 Rxd4 19. Rxd4 Qxd4 20. Rd1 Qb6 21. Qe3
Qc7 22. Rd8+ Qxd8 23. Bxd8 Kxd8 24. Qb6+ Kc8 25. Nd6+ Bxd6 26. exd6 Kb8 27.
Qc7+ Ka8 28. Qxf7 g6 29. h4 e5 30. Qf6 Rg8 31. Qxe5 Nc6 32. Qe6 Rd8 33. g4 Bc8
34. Qd5 Kb7 35. f3 Kb6 36. a3 a5 37. b4 axb4 38. axb4 Bb7 39. Qc5+ Ka6 40. Kf2
Rd7 41. Kg3 Nd8 42. Qe5 Nc6 43. Qa1+ 1/2-1/2

[Event "4NCL Division Three Knights"]
[Site "Telford, ENG"]
[Date "2024.03.17"]
[Round "8.42"]
[White "Calvert, D Ian"]
[Black "McDougall, William"]
[Result "1-0"]
[WhiteElo "2002"]
[BlackElo "2083"]
[PlyCount "85"]
[EventDate "2024.03.17"]
[WhiteTeam "Iceni 1"]
[BlackTeam "Wessex A"]

1. b3 e5 2. Bb2 Nc6 3. e3 d5 4. Bb5 Nge7 5. Nf3 Bg4 6. h3 Bxf3 7. Qxf3 a6 8.
Bxc6+ Nxc6 9. Nc3 d4 10. Nd5 Qd7 11. c4 O-O-O 12. O-O Bd6 13. Rfe1 Rde8 14.
exd4 exd4 15. Qg4 f5 16. Qh4 h6 17. f4 Rxe1+ 18. Rxe1 Re8 19. Qf2 Kb8 20. Kf1
Bc5 21. d3 a5 22. Rxe8+ Qxe8 23. Qe2 Qxe2+ 24. Kxe2 Nd8 25. a3 Ne6 26. b4 axb4
27. axb4 Bd6 28. g3 c6 29. Nb6 Bxb4 30. Nd7+ Kc7 31. Ne5 c5 32. Nf3 g6 33. Nh4
Nf8 34. g4 fxg4 35. hxg4 g5 36. fxg5 hxg5 37. Nf3 Ne6 38. Bc1 Nf4+ 39. Bxf4+
gxf4 40. Ne5 Ba3 41. Kf3 b5 42. cxb5 Kb6 43. Nc4+ 1-0

[Event "4NCL Division Three Knights"]
[Site "Telford, ENG"]
[Date "2024.03.17"]
[Round "8.43"]
[White "Lukosius, Rolandas"]
[Black "Ortiz Sanchez, Luis"]
[Result "1/2-1/2"]
[WhiteElo "2063"]
[BlackElo "1998"]
[PlyCount "99"]
[EventDate "2024.03.17"]
[WhiteTeam "Wessex A"]
[BlackTeam "Iceni 1"]

1. d4 d5 2. c4 c6 3. Nc3 Nf6 4. e3 a6 5. Nf3 Bf5 6. Nh4 Bg4 7. f3 Bh5 8. g4 Bg6
9. Qb3 b5 10. cxd5 Nxd5 11. e4 Nxc3 12. bxc3 e6 13. Nxg6 hxg6 14. Be3 Qc7 15.
a4 bxa4 16. Rxa4 Be7 17. e5 Bh4+ 18. Bf2 Bxf2+ 19. Kxf2 O-O 20. h4 Nd7 21. h5
gxh5 22. gxh5 Nb6 23. Rxa6 Nd5 24. Rxa8 Rxa8 25. c4 Ne7 26. Bd3 c5 27. Be4 Rb8
28. Qc3 cxd4 29. Qxd4 Rd8 30. Qe3 Qxc4 31. Rc1 Qb4 32. Rb1 Qa5 33. Qg5 Qd2+ 34.
Qxd2 Rxd2+ 35. Ke3 Rd8 36. Rb7 Kf8 37. Kf4 Ng8 38. Kg5 Nh6 39. Ra7 Rc8 40. Rb7
Rd8 41. Ra7 Rc8 42. Ra8 Rxa8 43. Bxa8 Ke7 44. Be4 Kf8 45. Bh7 Ke7 46. Bd3 Kf8
47. Be4 Ke7 48. Bh7 Kf8 49. Be4 Ke7 50. Bh7 1/2-1/2

[Event "4NCL Division Three Knights"]
[Site "Telford, ENG"]
[Date "2024.03.17"]
[Round "8.44"]
[White "Gibbs, Dominic V"]
[Black "Pleasants, Allan J"]
[Result "1-0"]
[WhiteElo "1997"]
[BlackElo "1994"]
[PlyCount "157"]
[EventDate "2024.03.17"]
[WhiteTeam "Iceni 1"]
[BlackTeam "Wessex A"]

1. e4 g6 2. d4 d6 3. c3 Nf6 4. Bd3 Bg7 5. Nf3 O-O 6. O-O Nc6 7. d5 Nb8 8. Bg5
c6 9. c4 Bg4 10. Nc3 Na6 11. Be2 Qc7 12. h3 Bxf3 13. Bxf3 Nc5 14. Qd2 a5 15.
Rab1 Rfe8 16. Rfe1 Nfd7 17. Be2 a4 18. Bf1 Qa5 19. Bf4 Qb4 20. Nd1 Qxd2 21.
Bxd2 Bd4 22. Bc3 e5 23. dxe6 Nxe6 24. Bxd4 Nxd4 25. Nc3 Nc5 26. Rbd1 Nce6 27.
Rd2 Kg7 28. Red1 c5 29. f3 a3 30. b3 g5 31. Kf2 Rf8 32. Nd5 h6 33. Ne3 Rae8 34.
Bd3 f6 35. Bb1 Kf7 36. h4 Ke7 37. h5 Kf7 38. e5 Rd8 39. exf6 Kxf6 40. Be4 Rb8
41. Bd5 Nf4 42. Re1 Nxd5 43. Nxd5+ Kg7 44. Nc7 Kf7 45. Nb5 Nxb5 46. cxb5 Rfd8
47. Re4 d5 48. Re5 c4 49. bxc4 dxc4 50. Ke1 c3 51. Rc2 Rbc8 52. Re3 Rc5 53.
Rexc3 Rxb5 54. Rxa3 Rd4 55. Rc7+ Kf6 56. Rb3 Re5+ 57. Kf2 Rd2+ 58. Kg3 Rxa2 59.
Rb6+ Re6 60. Rxe6+ Kxe6 61. Rxb7 Ra6 62. Rg7 Kf5 63. Kh3 Rb6 64. g4+ Ke5 65.
Kg3 Rf6 66. Re7+ Kd6 67. Ra7 Ke5 68. Ra5+ Kd4 69. Rf5 Rxf5 70. gxf5 Ke5 71. Kg4
Kf6 72. f4 gxf4 73. Kxf4 Kf7 74. Ke5 Ke7 75. f6+ Ke8 76. Ke6 Kf8 77. f7 Kg7 78.
Ke7 Kh7 79. f8=R 1-0

[Event "4NCL Division Three Knights"]
[Site "Telford, ENG"]
[Date "2024.03.17"]
[Round "8.45"]
[White "Marsh, Roger D W"]
[Black "Rosenbach, Martin"]
[Result "1/2-1/2"]
[WhiteElo "1946"]
[BlackElo "1883"]
[PlyCount "71"]
[EventDate "2024.03.17"]
[WhiteTeam "Wessex A"]
[BlackTeam "Iceni 1"]

1. d4 Nf6 2. c4 g6 3. Nc3 d5 4. cxd5 Nxd5 5. e4 Nxc3 6. bxc3 c5 7. Be3 Bg7 8.
Bc4 Qa5 9. Qd2 cxd4 10. cxd4 Qxd2+ 11. Kxd2 Nc6 12. Ne2 O-O 13. Rhd1 Na5 14.
Bd3 Bd7 15. Rac1 Ba4 16. Re1 Rac8 17. Rxc8 Rxc8 18. Rc1 Rxc1 19. Kxc1 b6 20.
Nc3 Bc6 21. Nb5 Bxb5 22. Bxb5 Nb7 23. Kc2 Nd6 24. Bd3 f5 25. f3 e5 26. d5 fxe4
27. fxe4 Kf7 28. a4 Bf6 29. a5 Bd8 30. a6 Ke8 31. Bd2 Kd7 32. Bc3 Bf6 33. Kb3
Kc7 34. Bb4 Bg5 35. Bxd6+ Kxd6 36. Kb4 1/2-1/2

[Event "4NCL Division Three Knights"]
[Site "Telford, ENG"]
[Date "2024.03.17"]
[Round "8.46"]
[White "Reynolds, D Ian W"]
[Black "De Coverly, Roger D"]
[Result "0-1"]
[WhiteElo "1882"]
[BlackElo "1934"]
[PlyCount "90"]
[EventDate "2024.03.17"]
[WhiteTeam "Iceni 1"]
[BlackTeam "Wessex A"]

1. e4 e5 2. Nf3 Nc6 3. d4 exd4 4. Nxd4 Nf6 5. Nxc6 bxc6 6. Qe2 d6 7. c4 Be7 8.
Nc3 O-O 9. Qc2 Re8 10. Be2 d5 11. cxd5 cxd5 12. exd5 Nxd5 13. Nxd5 Qxd5 14. O-O
Bf5 15. Qc4 Qxc4 16. Bxc4 Bf6 17. h3 Rab8 18. g4 Bc2 19. Bb3 Bxb3 20. axb3 Bd4
21. Bf4 Rxb3 22. Bxc7 Rxb2 23. Bg3 h6 24. Rfe1 Ree2 25. Rxe2 Rxe2 26. Ra6 Bb6
27. Kg2 Kf8 28. Kf3 Rd2 29. h4 Ke8 30. h5 Kd8 31. Ke4 Kc8 32. f4 Kb7 33. Ra4
Kc6 34. g5 Kb5 35. Ra1 Rd4+ 36. Kf5 Rd5+ 37. Ke4 Kc6 38. Rc1+ Rc5 39. gxh6 gxh6
40. Rxc5+ Bxc5 41. f5 Be7 42. Be1 Bg5 43. Ke5 Kb5 44. Bc3 a5 45. Kd5 a4 0-1